[Event "Oberfranken-ch 1213"]
[Site "Schney"]
[Date "2013.01.04"]
[Round "3"]
[White "Schaetzko, Wolfgang"]
[Black "Schwarzmann, Holger"]
[Result "0-1"]
[WhiteElo "1038"]
[BlackElo "1812"]
[PlyCount "76"]
[EventDate "2013.01.03"]
[EventType "swiss"]
[EventRounds "7"]
[EventCountry "GER"]
[SourceTitle "EXT 2015"]
[Source "ChessBase"]
[SourceDate "2014.11.20"]
[SourceVersion "1"]
[SourceVersionDate "2014.11.20"]
[SourceQuality "1"]

1. e4 d5 2. exd5 Qxd5 3. Nc3 Qa5 4. Bb5+ c6 5. Bc4 Nf6 6. a3 e5 7. d4 Bg4 8. Qd3 Nbd7 9. Nge2 Be7 10. 0-0 0-0 11. Bg5 Rad8 12. Qg3 exd4 13. Nxd4 Qxg5 14. h3 Bd6 15. Qxd6 Nb6 16. Bxf7+ Kh8 17. Ne6 Bxe6 18. Qxe6 Nbd5 19. Nxd5 Nxd5 20. g3 Nf4 21. Qg4 Rxf7 22. Rad1 Rdf8 23. gxf4 Qc5 24. b4 Qxc2 25. Rd7 Rxd7 26. Qxd7 Qg6+ 27. Kh2 Qf7 28. Rd1 Qxf4+ 29. Kh1 Qf3+ 30. Kh2 Qxf2+ 31. Kh1 Qf3+ 32. Kh2 Qe3 33. Rg1 Rf2+ 34. Rg2 Qf4+ 35. Kh1 Rf1+ 36. Rg1 Qf3+ 37. Kh2 Rf2+ 38. Rg2 Qxg2# 0-1